000 00714nam a2200253Ia 4500
003 OSt
005 20220918164915.0
006 a|||||r|||| 00| 0
007 ta
008 220917b |||||||| |||| 00| 0 eng d
020 _a0810201453
024 _a252,007
037 _cTextual
040 _aARTS
_cARTS
_beng
041 _2eng
_aeng
082 _aO111:g, K4
100 _aKaplan Charles Ed.
_921602
245 0 _aCriticism
_b Twenty major statements ed. by Charles Kaplan
260 _aScranton
_bChandler Publishing Company
_c1964
300 _aviii,482p.
_ccm.
650 _aENGLISH LITERATURE
942 _hO111:g, K4
_cTEXL
_2CC
999 _c127333
_d127333